000 00901nam a2200265 a 4500
001 21832
003 BD-RjUL
005 20211209000732.0
008 160927s1987 nyu b 001 0 eng
020 _a0195205421
035 _a(BD-RjUL) 21897
040 _aLC
_beng
_cLC
_dSUA
_dBD-RjUL
041 _aeng
082 0 0 _a338.9
_223
_bPIO 1987
245 0 0 _aPioneers in development :
_nSecond series /
_cTheodore W. Schultz ... [et al.] ; Gerald M. Meier, editor.
260 _aNew York :
_bPublished for the World Bank [by] Oxford University Press,
_cc1987.
300 _aviii, 244 p. ;
_c24 cm.
504 _aIncludes bibliographical references and index.
650 0 _aEconomic development.
_9157907
700 1 _aMeier, Gerald M.
_9119474
700 1 _aSchultz, Theodore W.
_q(Theodore William),
_d1902-
_9157908
710 2 _aWorld Bank.
_9157909
942 _2ddc
_cBK
999 _c21832
_d21832